01005nam a2200277Ia 450000500170000000800410001702000180005808200160007610000240009224500700011625000180018630000580020450000380026265000320030065000410033265000490037365000310042265000440045365000460049770000240054326400370056733600270060433700330063133800280066404000350069220220317001541.0161108s2013 a o g 000 0 s  a978950768709904a920.72bQ831 aTaboada, Rodolfo C.10a500 mujeres que hicieron historia en el mundocRodolfo C. Taboada a1a. edición a127 páginasbfotografías en blanco y negroc19 cm aSelección de Rodolfo C. Taboada142LEMBaMujeresxBiografías142LEMBaMujeres artistasxBiografías142LEMBaMujeres en la políticaxBiografías142LEMBaMujeres como autoras142LEMBaMujeres deportistasxBiografías142LEMBaMujeres científicasxBiografías1 aTaboada, Rodolfo C. aBuenos AiresbImaginadorc[2013] atextobtxt2rdacontent asin mediaciónbn2rdamedia avolumenbnc2rdacarrier aCO-BoRNBPbspaerdacCO-BoRNBP